| 000 | 00439cam a2200157ua 4500 | ||
|---|---|---|---|
| 003 | OSt | ||
| 008 | 250219b |||||||| |||| 00| 0 eng d | ||
| 020 | _a81 85068 35 6 | ||
| 041 | _aeng | ||
| 082 | _a028.7463 | ||
| 100 |
_aICID, . _91613 |
||
| 245 | 0 | 0 | _aFifteenth congress on irrigation and drainage , Hague, Netherlands 1993 vol-1-B / |
| 260 |
_a Hague, Netherland: _bICID and CIID , _c1993. |
||
| 300 | _a949 ; . | ||
| 942 | _cBK | ||
| 999 |
_c5829 _d5829 |
||